[Event "Egypt Open 2016"]
[Site "Eastern Company Club"]
[Date "2016.04.24"]
[Round "4"]
[Board "6"]
[White "Hesham, Abdelrahman"]
[Black "Ragheb, Malak"]
[Result "1-0"]
[WhiteElo "2390"]
[BlackElo "2226"]
[PlyCount "75"]
[EventDate "2016.04.22"]
[EventRounds "9"]
[EventCountry "EGY"]

1. d4 d5 2. c4 c6 3. Nf3 Nf6 4. Nc3 a6 5. e3 b5 6. b3 Bg4 7. Be2 Nbd7 8. O-O e6
9. h3 Bf5 10. a4 dxc4 11. bxc4 b4 12. Nb1 Ne4 13. a5 c5 14. Bb2 Be7 15. Nfd2
Nef6 16. Bf3 Bd3 17. Bxa8 Bxf1 18. Bb7 Qb8 19. Qf3 Be2 20. Qc6 O-O 21. Qxa6
cxd4 22. exd4 e5 23. Bf3 Bd3 24. Qb7 e4 25. Nxe4 Bxc4 26. Nbd2 Qxb7 27. Nxf6+
Nxf6 28. Bxb7 Bd5 29. a6 Bd6 30. Ra5 Bxb7 31. axb7 Rb8 32. Nc4 Bf8 33. Rb5 Ne8
34. d5 Nc7 35. Be5 Nxb5 36. Bxb8 Bc5 37. Bc7 Ba7 38. d6 1-0

[Event "Egypt Open 2016"]
[Site "Eastern Company Club"]
[Date "2016.04.24"]
[Round "4"]
[Board "7"]
[White "Sameeh, Hany"]
[Black "Wageih, Kareim"]
[Result "0-1"]
[WhiteElo "2180"]
[BlackElo "2336"]
[PlyCount "116"]
[EventDate "2016.04.22"]
[EventRounds "9"]
[EventCountry "EGY"]

1. e4 c6 2. d4 d5 3. Nc3 dxe4 4. Nxe4 Nd7 5. Bd3 Ndf6 6. Nf3 Nxe4 7. Bxe4 Nf6
8. Bd3 Bg4 9. c3 e6 10. Bf4 Be7 11. h3 Bh5 12. Be2 Nd5 13. Bh2 Bd6 14. Ne5 Bxe2
15. Qxe2 O-O 16. O-O Qe7 17. Rad1 Rae8 18. c4 Nf6 19. a3 Rd8 20. b4 Nd7 21.
Rfe1 Rfe8 22. Qf3 Nxe5 23. dxe5 Bc7 24. Bg3 a5 25. b5 Qc5 26. bxc6 bxc6 27. Rb1
Rb8 28. Rxb8 Rxb8 29. Rd1 Rd8 30. Rxd8+ Bxd8 31. Qd3 Be7 32. a4 h6 33. Qe4 Qb6
34. Kh2 Bc5 35. Kg1 Bd4 36. Qh4 Qc5 37. Qd8+ Kh7 38. Qc7 Kg6 39. h4 h5 40. Qd8
Qxc4 41. Qg5+ Kh7 42. Qxh5+ Kg8 43. Qg5 Qxa4 44. Qd8+ Kh7 45. Qc7 Qd1+ 46. Kh2
Qh5 47. Qxa5 c5 48. Qe1 g5 49. f4 g4 50. Bf2 Qf5 51. Qd2 Bxf2 52. Qxf2 c4 53.
Qd4 Qd3 54. Qa7 Kg7 55. Qe7 Qf5 56. Kg3 c3 57. Qc7 Qd3+ 58. Kxg4 c2 0-1

[Event "Egypt Open 2016"]
[Site "Eastern Company Club"]
[Date "2016.04.24"]
[Round "4"]
[Board "8"]
[White "Sarwat, Walaa"]
[Black "Fatehy, Tarek"]
[Result "1-0"]
[WhiteElo "2326"]
[BlackElo "2215"]
[PlyCount "97"]
[EventDate "2016.04.22"]
[EventRounds "9"]
[EventCountry "EGY"]

1. e4 g6 2. d4 Bg7 3. Nf3 d6 4. Nc3 Nf6 5. Be3 c6 6. Qd2 b5 7. Bd3 O-O 8. Bh6
Qa5 9. Bxg7 Kxg7 10. h4 b4 11. Ne2 h5 12. Ng5 c5 13. e5 Nd5 14. dxc5 Qxc5 15.
Be4 e6 16. exd6 Nc6 17. Nf4 Qxd6 18. Nxd5 exd5 19. Qxd5 Qxd5 20. Bxd5 Re8+ 21.
Ne4 Bb7 22. O-O-O Na5 23. Nd6 Re7 24. Nxb7 Nxb7 25. Rhe1 Rc7 26. Re3 Rac8 27.
Bxb7 Rxb7 28. Rd2 Rc4 29. g3 Rc5 30. Rde2 Kf6 31. Rb3 a5 32. a3 Rc4 33. axb4
axb4 34. Rf3+ Kg7 35. b3 Rc5 36. Rf4 f6 37. Ree4 Rcb5 38. Re6 f5 39. Rc4 R5b6
40. Rcc6 Rxc6 41. Rxc6 Rd7 42. Rc4 Rb7 43. Kd2 Kf7 44. f4 Kf6 45. Rd4 Rb6 46.
c3 bxc3+ 47. Kxc3 Ke6 48. b4 Ra6 49. Kb3 1-0

[Event "Egypt Open 2016"]
[Site "Eastern Company Club"]
[Date "2016.04.24"]
[Round "4"]
[Board "9"]
[White "Hassan, Sayed Barakat"]
[Black "Sayed Hassan, Mohamed"]
[Result "1-0"]
[WhiteElo "2316"]
[BlackElo "2177"]
[PlyCount "52"]
[EventDate "2016.04.22"]
[EventRounds "9"]
[EventCountry "EGY"]

1. e4 d5 2. exd5 Nf6 3. d4 Nxd5 4. Nf3 Bf5 5. Bd3 Bxd3 6. Qxd3 c6 7. c4 Nf6 8.
Nc3 e6 9. O-O Be7 10. Re1 O-O 11. Bg5 Nbd7 12. Rad1 Re8 13. d5 cxd5 14. cxd5
Bb4 15. dxe6 fxe6 16. Qc4 Qb6 17. Na4 Qa5 18. Rxe6 Kh8 19. Bxf6 Nxf6 20. Ne5 h6
21. Nf7+ Kh7 22. Qc2+ Kg8 23. Nxh6+ Kh8 24. Nf7+ Kg8 25. Rxf6 gxf6 26. Qg6+ Kf8
 1-0

[Event "Egypt Open 2016"]
[Site "Eastern Company Club"]
[Date "2016.04.24"]
[Round "4"]
[Board "10"]
[White "El Arousy, Abdul Hameed"]
[Black "Ashraf, Shereif"]
[Result "0-1"]
[WhiteElo "2265"]
[BlackElo "2073"]
[PlyCount "68"]
[EventDate "2016.04.22"]
[EventRounds "9"]
[EventCountry "EGY"]

1. e4 c5 2. Nf3 d6 3. d4 cxd4 4. Nxd4 Nf6 5. f3 a6 6. c4 e6 7. Nc3 Nbd7 8. Be3
b6 9. Qd2 Bb7 10. Be2 Rc8 11. O-O Be7 12. Rfd1 O-O 13. Rac1 Qc7 14. Kh1 Qb8 15.
Bf1 Bd8 16. b4 Bc7 17. Bg1 Kh8 18. Nb3 Rg8 19. Qb2 g5 20. Bd4 Rg6 21. h3 Rcg8
22. a4 h5 23. c5 dxc5 24. bxc5 g4 25. cxb6 Bf4 26. Rc2 gxf3 27. gxf3 e5 28. Bf2
Qf8 29. Ne2 Qg7 30. Rxd7 Nxe4 31. Nxf4 Nxf2+ 32. Kh2 Rg1 33. Ng6+ Qxg6 34.
Qxe5+ f6 0-1

[Event "Egypt Open 2016"]
[Site "Eastern Company Club"]
[Date "2016.04.24"]
[Round "4"]
[Board "11"]
[White "Youssef, Fady"]
[Black "El Ghazali, Youssef M."]
[Result "0-1"]
[WhiteElo "1844"]
[BlackElo "2320"]
[PlyCount "103"]
[EventDate "2016.04.22"]
[EventRounds "9"]
[EventCountry "EGY"]

1. e4 c5 2. Nc3 a6 3. a4 e6 4. Nge2 Nc6 5. g3 d5 6. exd5 exd5 7. Bg2 Nf6 8. d4
cxd4 9. Nxd4 Be7 10. h3 O-O 11. O-O Qb6 12. Be3 Qxb2 13. Nxd5 Nxd5 14. Bxd5
Bxh3 15. Re1 Bf6 16. Rb1 Qc3 17. Rb3 Qa5 18. Nxc6 bxc6 19. Bxc6 Rad8 20. Qe2
Bd4 21. Bxd4 Rxd4 22. Qe7 Be6 23. Rbe3 Rd2 24. c4 Qd8 25. Qxd8 Rdxd8 26. Re4
Rd6 27. Bb7 Rb6 28. Bd5 Bxd5 29. cxd5 Rd6 30. Rd4 Rfd8 31. f4 f6 32. Red1 f5
33. Kf2 Kf7 34. Kf3 Kf6 35. a5 h6 36. Ke3 g5 37. R1d3 Kg6 38. Kd2 Kh5 39. Kc3
gxf4 40. gxf4 Kg4 41. Rd1 h5 42. Rg1+ Kf3 43. Rh1 Rxd5 44. Ra4 Rd3+ 45. Kc2
Rd2+ 46. Kc1 R2d4 47. Ra3+ Kxf4 48. Rf1+ Kg5 49. Rg3+ Rg4 50. Rgf3 Rd5 51. Rc3
Rxa5 52. Rc8 0-1

[Event "Egypt Open 2016"]
[Site "Eastern Company Club"]
[Date "2016.04.24"]
[Round "4"]
[Board "14"]
[White "Raslan, Moustafa"]
[Black "Yousry, Salah"]
[Result "0-1"]
[WhiteElo "2112"]
[BlackElo "2266"]
[PlyCount "93"]
[EventDate "2016.04.22"]
[EventRounds "9"]
[EventCountry "EGY"]

1. e4 d5 2. exd5 Nf6 3. d4 Bg4 4. Nf3 Qxd5 5. Be2 Nc6 6. O-O O-O-O 7. c3 e5 8.
c4 Qd7 9. d5 Bxf3 10. Bxf3 Nd4 11. Nc3 a6 12. a3 Qf5 13. Be2 Bc5 14. Bd3 e4 15.
Bb1 Qe5 16. Re1 h5 17. Nxe4 Ng4 18. g3 Nf3+ 19. Qxf3 Bxf2+ 20. Nxf2 Qxe1+ 21.
Kg2 Kb8 22. Nd3 Qe7 23. h3 f5 24. Nf4 Qe1 25. Bd3 g5 26. Ne6 Ne5 27. Qxf5 Nxd3
28. Qxd3 Qxe6 29. Bxg5 Qe5 30. Qd2 Rde8 31. Rf1 Qe4+ 32. Kh2 Qxc4 33. Rf2 Ka8
34. h4 Rhf8 35. Bf4 Rd8 36. d6 cxd6 37. Qa5 Qc5 38. Qd2 d5 39. Rf1 Rfe8 40. Rc1
Qb5 41. Rc2 Qf1 42. Bg5 Rc8 43. Rxc8+ Rxc8 44. Qg2 Qf5 45. Bd2 Rc2 46. Qe2 Qe4
47. Qf2 0-1

[Event "Egypt Open 2016"]
[Site "Eastern Company Club"]
[Date "2016.04.24"]
[Round "4"]
[Board "15"]
[White "Magdy, Morad"]
[Black "Amin, Ashraf"]
[Result "0-1"]
[WhiteElo "2083"]
[BlackElo "2257"]
[PlyCount "91"]
[EventDate "2016.04.22"]
[EventRounds "9"]
[EventCountry "EGY"]

1. d4 d5 2. Nf3 Nf6 3. c4 e6 4. Nc3 c5 5. cxd5 exd5 6. Bg5 Nc6 7. Bxf6 gxf6 8.
e3 c4 9. Qb1 Be6 10. Be2 Qa5 11. Nh4 O-O-O 12. O-O Kb8 13. Rc1 Ka8 14. a4 Qb6
15. Bd1 Na5 16. Nb5 a6 17. Nc3 h5 18. Nf3 h4 19. Bc2 Bg4 20. Nd2 Bb4 21. Bf5
Bxf5 22. Qxf5 Qe6 23. Qxe6 fxe6 24. Rd1 h3 25. g3 Kb8 26. Rac1 Kc7 27. Nf3 Nb3
28. Rc2 Kc6 29. Ne4 Rhf8 30. Nc3 b5 31. axb5+ axb5 32. Kf1 Ra8 33. Nh4 Bd6 34.
e4 b4 35. exd5+ exd5 36. Ne2 Ra4 37. Nf5 Rfa8 38. f4 Ra1 39. Rxa1 Rxa1+ 40. Kf2
Rh1 41. Nxd6 Kxd6 42. Ke3 Kc6 43. g4 Rxh2 44. g5 Rg2 45. Ng3 Rxg3+ 46. Kf2 0-1

[Event "Egypt Open 2016"]
[Site "Eastern Company Club"]
[Date "2016.04.24"]
[Round "4"]
[Board "16"]
[White "Saber, Ibrahim"]
[Black "Abdel Aziz, Ahmed"]
[Result "1/2-1/2"]
[WhiteElo "2230"]
[BlackElo "2065"]
[PlyCount "88"]
[EventDate "2016.04.22"]
[EventRounds "9"]
[EventCountry "EGY"]

1. e4 c5 2. Nf3 d6 3. d4 cxd4 4. Nxd4 Nf6 5. Nc3 g6 6. Be3 Bg7 7. f3 O-O 8. Qd2
Nc6 9. Bc4 Bd7 10. O-O-O Qa5 11. Kb1 Rfc8 12. Bb3 Ne5 13. h4 Nc4 14. Bxc4 Rxc4
15. Nb3 Qc7 16. h5 Rxc3 17. Qxc3 Qxc3 18. bxc3 Nxh5 19. Bd4 Be6 20. Bxg7 Kxg7
21. Nd4 Bc4 22. Nf5+ Kf8 23. Ne3 Be6 24. g4 Nf6 25. Rd4 Rc8 26. Kb2 Rc5 27. c4
h5 28. gxh5 Nxh5 29. Nd5 f5 30. Rg1 Kf7 31. Rgd1 Nf6 32. Rh1 b5 33. Nxf6 Kxf6
34. cxb5 Rxb5+ 35. Kc3 Bxa2 36. Ra1 Be6 37. Rxa7 fxe4 38. Rxe4 Rc5+ 39. Kd2 Bf5
40. Rexe7 Rxc2+ 41. Ke3 Rc3+ 42. Kf2 Kg5 43. Ra4 Rd3 44. Kg3 Rc3 1/2-1/2

[Event "Egypt Open 2016"]
[Site "Eastern Company Club"]
[Date "2016.04.24"]
[Round "4"]
[Board "18"]
[White "Ismail, Youssef"]
[Black "Elhoseiny, Mosaad"]
[Result "1-0"]
[WhiteElo "2164"]
[BlackElo "1890"]
[PlyCount "45"]
[EventDate "2016.04.22"]
[EventRounds "9"]
[EventCountry "EGY"]

1. c4 c6 2. d4 d5 3. e3 e6 4. Nc3 f5 5. Bd3 Nf6 6. Nge2 Bd6 7. Qc2 a6 8. c5 Be7
9. Bd2 Nbd7 10. Nf4 Nb8 11. Na4 g5 12. Nb6 Ra7 13. Nh3 g4 14. Nf4 Kf7 15. Nxc8
Qxc8 16. Nxe6 Ne4 17. Nf4 Bh4 18. O-O h5 19. f3 gxf3 20. gxf3 Rg8+ 21. Kh1 Nf2+
22. Rxf2 Bxf2 23. Bxf5 1-0

[Event "Egypt Open 2016"]
[Site "Eastern Company Club"]
[Date "2016.04.24"]
[Round "4"]
[Board "19"]
[White "Moreis, Kamel"]
[Black "Roshdy, Mahmoud"]
[Result "1-0"]
[WhiteElo "2046"]
[BlackElo "2139"]
[PlyCount "113"]
[EventDate "2016.04.22"]
[EventRounds "9"]
[EventCountry "EGY"]

1. e4 e5 2. Nf3 Nc6 3. Bb5 a6 4. Ba4 Nf6 5. O-O b5 6. Bb3 Be7 7. Re1 d6 8. c3
O-O 9. h3 Be6 10. Bxe6 fxe6 11. a4 Rb8 12. axb5 axb5 13. Ra6 Qd7 14. Ng5 d5 15.
d3 Ra8 16. Rxa8 Rxa8 17. Qb3 b4 18. Nd2 Bc5 19. Qc2 Rf8 20. Ngf3 Nh5 21. Nf1
Bb6 22. Bd2 Qe8 23. Be3 d4 24. cxd4 exd4 25. Bd2 Nf4 26. Bxf4 Rxf4 27. Ra1 h6
28. Ng3 Kh7 29. Qa4 Rf8 30. Qb5 Ne7 31. Qxb4 Ng6 32. Qa4 Qe7 33. Qb5 Nf4 34.
Ne5 Qg5 35. h4 Qxh4 36. Nd7 Rf7 37. Ra8 Qe7 38. Ne5 Rf8 39. Rxf8 Qxf8 40. Nd7
Qd8 41. e5 h5 42. Ne4 h4 43. g3 hxg3 44. fxg3 Nh3+ 45. Kg2 Ng5 46. Qc6 Nxe4 47.
Qxe4+ Kg8 48. Qc6 Kf7 49. Kf3 Ke7 50. Nxb6 cxb6 51. Ke4 g5 52. g4 Kf7 53. b4
Qb8 54. Qd7+ Kf8 55. Qd6+ Qxd6 56. exd6 Ke8 57. Kxd4 1-0

[Event "Egypt Open 2016"]
[Site "Eastern Company Club"]
[Date "2016.04.24"]
[Round "4"]
[Board "23"]
[White "Fawzy, Adham"]
[Black "Elkady, Moustafa"]
[Result "1-0"]
[WhiteElo "2475"]
[BlackElo "2009"]
[PlyCount "73"]
[EventDate "2016.04.22"]
[EventRounds "9"]
[EventCountry "EGY"]

1. e4 e6 2. d4 d5 3. Nd2 Nf6 4. e5 Nfd7 5. Bd3 c5 6. c3 Nc6 7. Ne2 b6 8. Nf3
cxd4 9. cxd4 Nb4 10. Bb1 Ba6 11. a3 Bxe2 12. Qxe2 Nc6 13. b4 Rc8 14. Bd3 Be7
15. Bd2 O-O 16. O-O Kh8 17. Rfc1 a5 18. Qd1 axb4 19. Qa4 Na5 20. axb4 Nc4 21.
Bxc4 dxc4 22. Qb5 Qc7 23. Ra2 Qc6 24. Qxc6 Rxc6 25. Ra7 Rd8 26. b5 Rcc8 27. Ra4
Nf8 28. Raxc4 Rxc4 29. Rxc4 Rd5 30. Rc7 Bd8 31. Rxf7 Kg8 32. Rb7 Rxb5 33. g3
Rd5 34. Bb4 Rd7 35. Rb8 h6 36. d5 Rxd5 37. Bd6 1-0

[Event "Egypt Open 2016"]
[Site "Eastern Company Club"]
[Date "2016.04.24"]
[Round "4"]
[Board "24"]
[White "Fadi, Marko"]
[Black "Ahmed, Tamer"]
[Result "1-0"]
[WhiteElo "2276"]
[BlackElo "2006"]
[PlyCount "58"]
[EventDate "2016.04.22"]
[EventRounds "9"]
[EventCountry "EGY"]

1. e4 c5 2. Nc3 Nc6 3. f4 a6 4. Nf3 g6 5. Bc4 Bg7 6. d3 e6 7. O-O Nge7 8. Qe1
b5 9. Bb3 Bb7 10. Qf2 d6 11. e5 dxe5 12. fxe5 Rc8 13. Ne4 O-O 14. Nxc5 Nxe5 15.
Nxb7 Qc7 16. Bf4 Nxf3+ 17. Qxf3 Bd4+ 18. Kh1 e5 19. Bh6 Nf5 20. Bxf8 Rxf8 21.
c3 Bb6 22. Rae1 h5 23. Qd5 Ne3 24. Rxe3 Bxe3 25. Nd6 Bf4 26. Nxf7 Kg7 27. g3
Be3 28. Qe6 Bg5 29. Kg2 Qe7 1-0

[Event "Egypt Open 2016"]
[Site "Eastern Company Club"]
[Date "2016.04.24"]
[Round "4"]
[Board "25"]
[White "Yousry, Mohamed"]
[Black "Morsy, Elsayed"]
[Result "1-0"]
[WhiteElo "2267"]
[BlackElo "2002"]
[PlyCount "55"]
[EventDate "2016.04.22"]
[EventRounds "9"]
[EventCountry "EGY"]

1. e4 c6 2. d4 d5 3. exd5 cxd5 4. Bd3 Nf6 5. Be3 Nc6 6. c3 g6 7. Nf3 Bg7 8. Bf4
O-O 9. Nbd2 a6 10. O-O b6 11. Qe2 e6 12. Ne5 Nxe5 13. Bxe5 Bb7 14. g4 a5 15. f4
Bc6 16. Rae1 Re8 17. Qg2 Ra7 18. f5 exf5 19. gxf5 Ne4 20. Bxg7 Kxg7 21. Bxe4
dxe4 22. f6+ Kg8 23. Qg5 Re6 24. Nc4 Qf8 25. Ne5 Be8 26. Rf4 a4 27. c4 a3 28.
Rh4 1-0

[Event "Egypt Open 2016"]
[Site "Eastern Company Club"]
[Date "2016.04.24"]
[Round "4"]
[Board "27"]
[White "Abdel Hameed, Mazen"]
[Black "Himdan, Maher"]
[Result "0-1"]
[WhiteElo "2000"]
[BlackElo "2228"]
[PlyCount "89"]
[EventDate "2016.04.22"]
[EventRounds "9"]
[EventCountry "EGY"]

1. e4 e5 2. Nf3 d6 3. d4 Nd7 4. Nc3 c6 5. a4 Ngf6 6. Bc4 h6 7. a5 Be7 8. h3 Qc7
9. Be3 Nf8 10. Qd2 Ng6 11. O-O Nxe4 12. Nxe4 d5 13. Qc3 dxc4 14. dxe5 O-O 15.
Rfd1 Be6 16. Nd6 Bd5 17. Nf5 Bxf3 18. gxf3 Rfe8 19. f4 Bf8 20. Qxc4 Qc8 21. Qe4
a6 22. Kh2 Qe6 23. c4 Rad8 24. Bb6 Rd7 25. Nd4 Qxc4 26. Qf5 Rd5 27. Rac1 Qb4
28. Qg4 c5 29. Ne2 Rxd1 30. Rxd1 Qe4 31. Bc7 h5 32. Qxh5 Nxf4 33. Nxf4 Qxf4+
34. Kg2 Re6 35. Rd3 Rg6+ 36. Kf1 Qc1+ 37. Qd1 Qxb2 38. Rb3 Qa2 39. Qb1 Qa4 40.
Qc2 Qd7 41. Bb6 Qd5 42. Re3 Re6 43. f4 Rg6 44. Qh2 Qd1+ 45. Re1 0-1

[Event "Egypt Open 2016"]
[Site "Eastern Company Club"]
[Date "2016.04.24"]
[Round "4"]
[Board "29"]
[White "Abdel Fadil, Mohamed"]
[Black "O`neill, Jon"]
[Result "1-0"]
[WhiteElo "2217"]
[BlackElo "1983"]
[PlyCount "71"]
[EventDate "2016.04.22"]
[EventRounds "9"]
[EventCountry "EGY"]

1. e4 c5 2. Nc3 d6 3. f4 Nf6 4. Nf3 Nc6 5. Bb5 Bd7 6. d3 a6 7. Bxc6 Bxc6 8. O-O
Qc7 9. Qe1 e6 10. Bd2 Be7 11. Rb1 b6 12. Qg3 O-O-O 13. a3 h5 14. b4 h4 15. Qe1
Ng8 16. h3 f5 17. b5 axb5 18. exf5 Nf6 19. Qxe6+ Kb8 20. Nxb5 Qb7 21. Qb3 Rde8
22. a4 Rh5 23. a5 Rxf5 24. c4 d5 25. a6 dxc4 26. dxc4 Qd7 27. Bc3 Bxb5 28. Ne5
Rxe5 29. Bxe5+ Bd6 30. Qxb5 Bxe5 31. Qxb6+ Ka8 32. fxe5 Ne4 33. Rfd1 Qc8 34.
Rd3 Ng3 35. Ra3 Re7 36. Qb7+ 1-0

[Event "Egypt Open 2016"]
[Site "Eastern Company Club"]
[Date "2016.04.24"]
[Round "4"]
[Board "33"]
[White "Nagdy, Wael"]
[Black "Abou El Zein, Eid Mahmoud"]
[Result "0-1"]
[WhiteElo "1972"]
[BlackElo "2150"]
[PlyCount "60"]
[EventDate "2016.04.22"]
[EventRounds "9"]
[EventCountry "EGY"]

1. e4 c5 2. Nf3 Nf6 3. d4 cxd4 4. Nxd4 e5 5. Nb5 d6 6. N1c3 a6 7. Na3 b5 8. Nd5
Nc6 9. Bg5 Be7 10. Bxf6 Bxf6 11. c3 O-O 12. Nc2 Rb8 13. Bd3 Bg5 14. h4 Bh6 15.
g4 Bf4 16. Qf3 Be6 17. Nxf4 exf4 18. Qxf4 Ne5 19. Be2 Bxg4 20. Rd1 f5 21. Ne3
Bxe2 22. Kxe2 fxe4 23. Qxe4 Qf6 24. f4 Ng6 25. f5 Rbe8 26. Qd5+ Kh8 27. Qxd6
Qxf5 28. Rhf1 Nf4+ 29. Kd2 Qe4 30. Qc5 Qd3+ 0-1

[Event "Egypt Open 2016"]
[Site "Eastern Company Club"]
[Date "2016.04.24"]
[Round "4"]
[Board "34"]
[White "Salah, Sayed"]
[Black "Yehya, Waleed"]
[Result "1-0"]
[WhiteElo "2141"]
[BlackElo "1958"]
[PlyCount "73"]
[EventDate "2016.04.22"]
[EventRounds "9"]
[EventCountry "EGY"]

1. d4 Nf6 2. Nf3 e6 3. c4 Bb4+ 4. Nbd2 b6 5. g3 Bb7 6. Bg2 d6 7. O-O Bxd2 8.
Bxd2 O-O 9. Rc1 Nbd7 10. Bc3 h6 11. b3 Qe7 12. Re1 Rfd8 13. Qc2 Be4 14. Qb2 a5
15. a3 Nf8 16. Bh3 Ng6 17. Nd2 Bb7 18. e4 e5 19. d5 Nh7 20. Bg2 Bc8 21. h4 Rf8
22. h5 Nh8 23. f4 f6 24. Bf3 Nf7 25. Nf1 exf4 26. gxf4 Qd7 27. Qg2 Qh3 28. Ng3
Qxg2+ 29. Kxg2 Re8 30. Re3 Bb7 31. Ne2 Re7 32. Re1 Rae8 33. Nc1 Nh8 34. Kf2 Nf7
35. Nd3 Nf8 36. Rg1 Nh7 37. Ba1 1-0

[Event "Egypt Open 2016"]
[Site "Eastern Company Club"]
[Date "2016.04.24"]
[Round "4"]
[Board "35"]
[White "Ibrahim, Mohamed"]
[Black "Aly, Talal"]
[Result "1-0"]
[WhiteElo "2137"]
[BlackElo "1955"]
[PlyCount "57"]
[EventDate "2016.04.22"]
[EventRounds "9"]
[EventCountry "EGY"]

1. e4 c5 2. Nf3 d6 3. d4 cxd4 4. Nxd4 Nf6 5. Nc3 a6 6. f3 e5 7. Nb3 Be6 8. Be3
Be7 9. Qd2 O-O 10. g4 a5 11. a4 Nc6 12. O-O-O Nb4 13. g5 Nh5 14. h4 Ng3 15. Rg1
Nxf1 16. Rgxf1 Ra6 17. h5 g6 18. Rh1 Rc6 19. Kb1 Qd7 20. Qh2 Bd8 21. Nc5 Qe7
22. hxg6 fxg6 23. Nxe6 Rf7 24. Nxd8 Qxd8 25. Qxe5 Qc7 26. Qe8+ Rf8 27. Qe6+ Qf7
28. Qxf7+ Rxf7 29. f4 1-0

[Event "Egypt Open 2016"]
[Site "Eastern Company Club"]
[Date "2016.04.24"]
[Round "4"]
[Board "36"]
[White "Ismail, Hany"]
[Black "M.Amer, Hossam"]
[Result "1/2-1/2"]
[WhiteElo "1961"]
[BlackElo "2125"]
[PlyCount "91"]
[EventDate "2016.04.22"]
[EventRounds "9"]
[EventCountry "EGY"]

1. e4 c5 2. Nf3 Nc6 3. d4 cxd4 4. Nxd4 Nf6 5. Nc3 e5 6. Nb3 Be7 7. Be3 a5 8. a3
O-O 9. Be2 d6 10. O-O Be6 11. f3 Rc8 12. Qd2 d5 13. exd5 Nxd5 14. Nxd5 Qxd5 15.
Qxd5 Bxd5 16. Rad1 Be6 17. Bd3 Bxb3 18. cxb3 Nd4 19. Bxd4 exd4 20. Rfe1 Bg5 21.
Re4 Be3+ 22. Kf1 b6 23. Bc4 Rfe8 24. Rxe8+ Rxe8 25. g3 g5 26. a4 Kg7 27. Re1 f5
28. Re2 Kf6 29. Bd3 Rc8 30. Rc2 Rxc2 31. Bxc2 Ke5 32. h3 h5 33. Ke2 Bc1 34. Bd3
Bxb2 35. Bc4 Ba3 36. Bd3 Bd6 37. Bc4 Bc7 38. Bf7 Kf6 39. Bxh5 Bxg3 40. Kd3 Bf2
41. Be8 Ke5 42. Bd7 Be1 43. Bc8 Bb4 44. Bd7 Bc5 45. Bc8 Bf8 46. Bd7 1/2-1/2

[Event "Egypt Open 2016"]
[Site "Eastern Company Club"]
[Date "2016.04.24"]
[Round "4"]
[Board "37"]
[White "Abdo, Hany Elsayed"]
[Black "Elnemr, Mohamed"]
[Result "1/2-1/2"]
[WhiteElo "1957"]
[BlackElo "2107"]
[PlyCount "82"]
[EventDate "2016.04.22"]
[EventRounds "9"]
[EventCountry "EGY"]

1. e4 c5 2. Nf3 Nc6 3. Nc3 g6 4. Bb5 Bg7 5. O-O Nf6 6. d3 O-O 7. Be3 b6 8. Bxc6
dxc6 9. h3 e5 10. Qd2 Qd6 11. Ne2 c4 12. Ng3 cxd3 13. cxd3 Ba6 14. Rfd1 c5 15.
Bh6 Rfd8 16. Bxg7 Kxg7 17. Qg5 Kf8 18. Nxe5 Ng8 19. Nc4 Qf6 20. Qxf6 Nxf6 21.
Rac1 h5 22. f3 Rd7 23. b3 h4 24. Ne2 Rad8 25. Rc3 Bxc4 26. bxc4 g5 27. Kf2 Ne8
28. g4 Nc7 29. f4 f6 30. f5 Na6 31. a3 Nb8 32. Ng1 Nc6 33. Nf3 Re8 34. Re1 Red8
35. e5 fxe5 36. Nxg5 Rxd3 37. Rxd3 Rxd3 38. Nf3 Nd4 39. Nxe5 Rd2+ 40. Kf1 Nb3
41. Ng6+ Kg8 1/2-1/2

[Event "Egypt Open 2016"]
[Site "Eastern Company Club"]
[Date "2016.04.24"]
[Round "4"]
[Board "38"]
[White "Aly, Elhares"]
[Black "Mewaad, Ahmed"]
[Result "1-0"]
[WhiteElo "2104"]
[BlackElo "1949"]
[PlyCount "73"]
[EventDate "2016.04.22"]
[EventRounds "9"]
[EventCountry "EGY"]

1. e4 c5 2. Nf3 d6 3. d4 cxd4 4. Nxd4 Nf6 5. Nc3 a6 6. Bg5 e6 7. f4 Be7 8. Qf3
Nc6 9. O-O-O Qc7 10. f5 Bd7 11. Kb1 Nxd4 12. Rxd4 Bc6 13. Bc1 Nd7 14. fxe6 fxe6
15. Qg4 e5 16. Rd1 g6 17. Bd3 O-O-O 18. Rhf1 Kb8 19. Rf7 Rde8 20. Rdf1 Qd8 21.
Qh3 Nc5 22. Rxh7 Rxh7 23. Qxh7 Nxd3 24. cxd3 Rh8 25. Qxg6 Be8 26. Qe6 Bd7 27.
Qg6 Rg8 28. Qh7 Bc6 29. Be3 Qe8 30. Qf5 Bg5 31. Qf2 Bxe3 32. Qxe3 Rxg2 33. Qh3
Rg6 34. Qh4 Qe6 35. Qd8+ Ka7 36. Re1 Rg7 37. Rf1 1-0

[Event "Egypt Open 2016"]
[Site "Eastern Company Club"]
[Date "2016.04.24"]
[Round "4"]
[Board "40"]
[White "Hafez, Mahmoud"]
[Black "Ibrahim, Hosam"]
[Result "1-0"]
[WhiteElo "1944"]
[BlackElo "2097"]
[PlyCount "71"]
[EventDate "2016.04.22"]
[EventRounds "9"]
[EventCountry "EGY"]

1. e4 e5 2. Nf3 Nc6 3. Bc4 Nf6 4. Nc3 Bc5 5. a3 d6 6. d3 a6 7. Bg5 h6 8. Bh4 g5
9. Bg3 Bg4 10. h4 Rg8 11. hxg5 hxg5 12. Nd5 Nd4 13. Rh6 Nxd5 14. Bxd5 c6 15.
Bxf7+ Kxf7 16. Nxe5+ dxe5 17. Qxg4 Bf8 18. Qh5+ Ke7 19. Rh7+ Kd6 20. O-O-O Qe8
21. Qg4 Qe6 22. Qh5 Qg6 23. Qh3 g4 24. Qh2 Ne2+ 25. Kb1 Nxg3 26. d4 Bg7 27.
dxe5+ Kc7 28. e6 Rad8 29. Qxg3+ Kc8 30. Rdh1 Qxe6 31. f3 gxf3 32. Rxg7 Rxg7 33.
Qxg7 Rg8 34. Rh8 Rxh8 35. Qxh8+ Kc7 36. gxf3 1-0

[Event "Egypt Open 2016"]
[Site "Eastern Company Club"]
[Date "2016.04.24"]
[Round "4"]
[Board "41"]
[White "Mohamed Ahmed, Esam"]
[Black "Tawfeik, Ahmed Gamal"]
[Result "1-0"]
[WhiteElo "2092"]
[BlackElo "1944"]
[PlyCount "73"]
[EventDate "2016.04.22"]
[EventRounds "9"]
[EventCountry "EGY"]

1. e4 Nf6 2. e5 Nd5 3. c4 Nb6 4. d4 d6 5. exd6 exd6 6. Nf3 Be7 7. Bd3 Bg4 8.
Be3 O-O 9. h3 Bh5 10. Nbd2 Nc6 11. Rc1 f5 12. d5 Ne5 13. Be2 Bxf3 14. Nxf3
Nxf3+ 15. Bxf3 Bf6 16. b4 f4 17. Bd2 Qe7+ 18. Qe2 Rae8 19. Qxe7 Rxe7+ 20. Kd1
Na4 21. Kc2 Nb2 22. c5 dxc5 23. bxc5 Na4 24. Bb4 a5 25. Ba3 Nc3 26. c6 Nxa2 27.
Bxe7 Bxe7 28. Rce1 Bc5 29. cxb7 a4 30. Ra1 Nb4+ 31. Kc3 Rb8 32. d6 c6 33. d7
Be7 34. Rhe1 Kf8 35. Rxa4 Rxb7 36. Ra8+ Kf7 37. Rxe7+ 1-0

[Event "Egypt Open 2016"]
[Site "Eastern Company Club"]
[Date "2016.04.24"]
[Round "4"]
[Board "42"]
[White "Shafek, Mohamed"]
[Black "Sadek, Taha"]
[Result "0-1"]
[WhiteElo "2091"]
[BlackElo "1929"]
[PlyCount "98"]
[EventDate "2016.04.22"]
[EventRounds "9"]
[EventCountry "EGY"]

1. d4 Nf6 2. c4 g6 3. Nc3 d5 4. Bg5 c6 5. Bxf6 exf6 6. cxd5 cxd5 7. Qb3 Nc6 8.
e3 Bb4 9. Bb5 O-O 10. Nge2 Qd6 11. O-O Be6 12. Rac1 a6 13. Bd3 b5 14. a3 Ba5
15. Nf4 Nxd4 16. Qd1 Nc6 17. Be2 Rad8 18. Bf3 Bxc3 19. Rxc3 Ne5 20. Nd3 Rc8 21.
Nxe5 fxe5 22. Rd3 Rfd8 23. Bxd5 Rc5 24. Be4 Qxd3 25. Bxd3 Rcd5 26. h3 e4 27.
Bc2 Rxd1 28. Rxd1 Rxd1+ 29. Bxd1 Kf8 30. Bc2 f5 31. f3 exf3 32. gxf3 f4 33. h4
fxe3 34. Kf1 Bc4+ 35. Ke1 Kg7 36. b3 Be6 37. Ke2 Kh6 38. Kxe3 Bd5 39. h5 Kxh5
40. Kf4 Be6 41. Bb1 Kh4 42. Be4 g5+ 43. Ke5 h5 44. Kd6 Kg3 45. Ke5 h4 46. Kf6
Kf4 47. Bd3 Bc8 48. Be2 h3 49. Bf1 Kg3 0-1